000 01070nam a22002297a 4500
003 BD-DhUL
005 20240604152807.0
008 240530s2024 bg ||||| |||| 00| 0 ben
020 _a9789849835035 (hbk)
040 _aBD-DhUL
_cBD-DhUL
082 _a320.092
_bDRK
245 0 0 _aড. কামাল হোসেন সম্মাননাগ্রন্থ :
_bবাংলাদেশের অভ্যুদয় ও বিকাশ /
_cসম্পাদনায় মির্জা হাসান, আসিফ নজরুল, শরীফ ভূঁইয়া।
260 _aঢাকা :
_bপ্রথমা,
_c২০২৪।
300 _a২২৩ পৃ. ;
_c২২ সেমি.
365 _aBDT
_b550.00
600 1 _aহোসেন, কামাল
_xজীবনী।
600 1 _aHossain, Kamal
_xBiography.
700 1 _aহাসান, মির্জা
_eসম্পা.
700 1 _aনজরুল, আসিফ
_eসম্পা.
700 1 _aভূঁইয়া, শরীফ
_eসম্পা.
942 _2ddc
_cBK
999 _c259450
_d259450